Modern engineering mathematics / (Record no. 55)
[ view plain ]
| 000 -LEADER | |
|---|---|
| fixed length control field | 01023nac a22003131i 4500 |
| 003 - CONTROL NUMBER IDENTIFIER | |
| control field | EG-ScBUE |
| 005 - DATE AND TIME OF LATEST TRANSACTION | |
| control field | 20241002120335.0 |
| 006 - FIXED-LENGTH DATA ELEMENTS--ADDITIONAL MATERIAL CHARACTERISTICS--GENERAL INFORMATION | |
| fixed length control field | m||||fq||h 00| 0 |
| 008 - FIXED-LENGTH DATA ELEMENTS--GENERAL INFORMATION | |
| fixed length control field | 241002s2001 enka f 001 0 eng d |
| 020 ## - INTERNATIONAL STANDARD BOOK NUMBER | |
| International Standard Book Number | 0130183199 (pbk.) |
| 020 ## - INTERNATIONAL STANDARD BOOK NUMBER | |
| International Standard Book Number | 9780130183194 |
| 040 ## - CATALOGING SOURCE | |
| Original cataloging agency | EG-ScBUE |
| Language of cataloging | eng |
| Description conventions | rda |
| Transcribing agency | EG-ScBUE |
| Modifying agency | EG-ScBUE |
| 082 04 - DEWEY DECIMAL CLASSIFICATION NUMBER | |
| Classification number | 510.2462 |
| Item number | MOD |
| Edition number | 22 |
| 245 00 - TITLE STATEMENT | |
| Title | Modern engineering mathematics / |
| Statement of responsibility, etc | Glyn James, Coventry University [and five others] |
| 250 ## - EDITION STATEMENT | |
| Edition statement | Third edition. |
| 264 ## - PUBLICATION, DISTRIBUTION, ETC. (IMPRINT) | |
| Place of publication, distribution, etc | Harlow, England ; |
| -- | New York : |
| Name of publisher, distributor, etc | Prentice Hall, |
| Date of publication, distribution, etc | 2001. |
| 300 ## - PHYSICAL DESCRIPTION | |
| Extent | xxv, 978 pages : |
| Other physical details | illustrations (some color) ; |
| Dimensions | 25 cm + |
| Accompanying material | 1 CD |
| 336 ## - CONTENT TYPE | |
| Source | rdacontent |
| Content type term | text |
| Content type code | txt |
| 336 ## - CONTENT TYPE | |
| Source | rdacontent |
| Content type term | sounds |
| Content type code | snd |
| 337 ## - MEDIA TYPE | |
| Media type term | unmediated |
| Source | rdamedia |
| Media type code | n |
| 337 ## - MEDIA TYPE | |
| Media type term | audio |
| Source | rdamedia |
| Media type code | s |
| 338 ## - CARRIER TYPE | |
| Carrier type term | volume |
| Carrier type code | nc |
| Source | rdacarrier |
| 338 ## - CARRIER TYPE | |
| Carrier type term | computer disc |
| Carrier type code | cd |
| Source | rdacarrier |
| 500 ## - GENERAL NOTE | |
| General note | Includes index. |
| 650 #7 - SUBJECT ADDED ENTRY--TOPICAL TERM | |
| Topical term or geographic name as entry element | Engineering mathematics. |
| Source of heading or term | BUEsh |
| 655 ## - INDEX TERM--GENRE/FORM | |
| Form subdivision | Reading book |
| 700 1# - ADDED ENTRY--PERSONAL NAME | |
| Personal name | James, Glyn, |
| Relator term | author. |
| 942 ## - ADDED ENTRY ELEMENTS (KOHA) | |
| Koha item type | Book - Borrowing |
| Source of classification or shelving scheme | Dewey Decimal Classification |
| Withdrawn status | Lost status | Source of classification or shelving scheme | Damaged status | Not for loan | Collection code | Home library | Current library | Shelving location | Date acquired | Source of acquisition | Cost, normal purchase price | Total Checkouts | Full call number | Barcode | Date last seen | Cost, replacement price | Price effective from | Koha item type | Total Renewals | Date checked out |
|---|---|---|---|---|---|---|---|---|---|---|---|---|---|---|---|---|---|---|---|---|
| Dewey Decimal Classification | Alahram | Central Library | Central Library | First floor | 14/11/2005 | Purchase | 205.00 | 1 | 510.2462 MOD | 000004765 | 15/07/2025 | 256.25 | 14/11/2005 | Book - Borrowing | ||||||
| Dewey Decimal Classification | Alahram | Central Library | Central Library | First floor | 05/11/2014 | Purchase | 205.00 | 1 | 510.2462 MOD | 000004764 | 15/07/2025 | 256.25 | 14/11/2005 | Book - Borrowing | 1 | 13/12/2016 | ||||
| Dewey Decimal Classification | Alahram | Central Library | Central Library | First floor | 05/11/2014 | Purchase | 205.00 | 510.2462 MOD | 000004763 | 15/07/2025 | 256.25 | 14/11/2005 | Book - Borrowing | |||||||
| Dewey Decimal Classification | Alahram | Central Library | Central Library | First floor | 05/11/2014 | Purchase | 205.00 | 1 | 510.2462 MOD | 000004762 | 15/07/2025 | 256.25 | 14/11/2005 | Book - Borrowing | ||||||
| Dewey Decimal Classification | Alahram | Central Library | Central Library | First floor | 05/11/2014 | Purchase | 205.00 | 510.2462 MOD | 000004761 | 15/07/2025 | 256.25 | 14/11/2005 | Book - Borrowing | |||||||
| Dewey Decimal Classification | Alahram | Central Library | Central Library | First floor | 05/11/2014 | Purchase | 205.00 | 510.2462 MOD | 000004760 | 15/07/2025 | 256.25 | 14/11/2005 | Book - Borrowing | |||||||
| Dewey Decimal Classification | Alahram | Central Library | Central Library | First floor | 05/11/2014 | Purchase | 205.00 | 510.2462 MOD | 000004759 | 15/07/2025 | 256.25 | 14/11/2005 | Book - Borrowing | |||||||
| Dewey Decimal Classification | Alahram | Central Library | Central Library | First floor | 05/11/2014 | Purchase | 205.00 | 4 | 510.2462 MOD | 000004758 | 15/07/2025 | 256.25 | 14/11/2005 | Book - Borrowing | ||||||
| Dewey Decimal Classification | Alahram | Central Library | Central Library | First floor | 05/11/2014 | Purchase | 205.00 | 1 | 510.2462 MOD | 000004757 | 15/07/2025 | 256.25 | 14/11/2005 | Book - Borrowing | 13 | 19/10/2017 | ||||
| Dewey Decimal Classification | Alahram | Central Library | Central Library | First floor | 05/11/2014 | Purchase | 205.00 | 510.2462 MOD | 000004756 | 15/07/2025 | 256.25 | 14/11/2005 | NB - Book (Non borrowing) |